000 00350nam a2200157Ia 4500
003 Ost
005 20260225132559.0
008 260225s9999||||xx |||||||||||||| ||und||
040 _cfsic
041 _afre
082 _a609.1
100 _aJohn vaizey
_eAuteur
245 0 _aéconnomie de l'éducation /
245 0 _cJohn vaizey
942 _cكتاب
999 _c34623
_d34623